Регионална библиотека "Любен Каравелов" - Русе

Гости на Дракула (Запис номер 488309)

MARC детайли
000 -Лидер
Контролно поле с фиксирана дължина 00951nam a2200205 a 4500
003 - Код на организацията, давaща контролен номер
Контролно поле BLK
005 - Дата и час на последна редакция
Контролно поле 20231207093530.0
008 - Елементи от данни с фиксирана дължина
fixed length control field 230117b bu |||gr|||| 00| 0 bu d
020 ## - Международен стандартен номер на книга ISBN
Международен стандартен номер на книга ISBN 9786197604191
040 ## - Източник на каталожния запис
Идентификатор на билиотеката - собственик на записа BLK
041 ## - Код за език
Код за езика на текст/звукозапис или на отделно заглавие Български
Код за езика КДБФ Български
080 ## - УДК
Текстов определител УДК Българска литература
УДК код - определител по УДК 821.163.2
УДК определител -322.4(082)
УДК - код + определител 821.163.2-322.4(082)
139 ## - Редно поле
Редна дума Дракус, списание. Литературен конкурс Гости на Дракула (Русе ; 2021)
Авторски знак Гос - Г 70
245 ## - Сведения за заглавието
Заглавие Гости на Дракула
Подзаглавни данни Сборник с отличени разкази от български автори, вдъхновени от Брам Стокър : конкурс на списание Дракус
260 ## - Област на издателските данни
9 (RLIN) 214217
Място на издаване, разпространение и проч. [Русе]
Име на издателя, разпространителя и проч. Gaiana Book Art Studio
Година на издаване [2021]
Издателство - префикс ISBN 978-619-7354- ; 978-954-92465- ; 978-954-8633- ; 978-954-903
300 ## - Физическа характеристика
Страници 262 с.
Размери/Мащаб 21 см
380 ## - Жанр
Жанр Худож. лит.
856 ## - Електронен адрес и достъп
Инструкция (цена за достъп) 0.00
Права за достъп disable
999 ## - СИСТЕМНИ КОНТРОЛНИ НОМЕРА
Koha biblionumber 488309
Koha biblioitemnumber 488309
942 ## - АРТИКУЛИ
Вид на библиотечния материал Книги
Скрит в OPAC Не
Периодичен библиозапис Да
Koha issues (borrowed), all copies 13
944 ## - СЪЗДАВАНЕ И РЕДАКЦИЯ на ЗАПИСА
Служител, извършил регистрацията/редакцията 30531
Статус, дата на статуса Цветелина Шанова
Наличности
Код за отписване Код за изгубен артикул Източник на класификационната схема Код за повреда Коз за рестрикции Код за отдаване Артикулен № Име на библиотеката - собственик Име на библиотеката, в която се намира в момента Статус (Текущо местоположение) Дата на вписване в системата Местоположение - отдел Цена в лева Систематично азбучна сигнатура Баркод Цена в евро Служебен тип на артикула
  Не е изгубен Universal Decimal Classification Не е повреден без рестрикции заемане за дома 921909 Регионална библиотека "Любен Каравелов" Русе Регионална библиотека "Любен Каравелов" Русе Заемна - подръчен фонд 2023-01-18 Заемна - подръчен фонд 15.00 821.163.2-32/Г 70 120000881546 7.67 Книги
  Не е изгубен Universal Decimal Classification Не е повреден без рестрикции заемане за дома 921910 Регионална библиотека "Любен Каравелов" Русе Регионална библиотека "Любен Каравелов" Русе Заемна - подръчен фонд 2023-01-18 Заемна - подръчен фонд 15.00 821.163.2-32/Г 70 120000881547 7.67 Книги
Vip Innovations Ltd, Rousse, Bulgaria 2025